Navy Salvage Facilities : hearings before the United States Senate Committee on Armed Services, Eightieth Congress, second session, on Feb. 20, Mar. 10, Apr. 21, 1948.

Considers (80) S. 1785, (80) H.R. 4490.

Bibliographic Details
Corporate Authors: United States. Congress. Senate. Committee on Armed Services, ProQuest (Firm)
Format: Government Document eBook
Language:English
Published: Washington : U.S. G.P.O., 1948.
Series:U.S. Congressional Hearings.
Subjects:
Online Access:Connect to the full text of this electronic book

MARC

Tag First Indicator Second Indicator Subfields
LEADER 00000cam a22000001a 4500
001 in00003169021
006 m d f
007 cr bn mmmapmmp
008 090617s1948 dcu o f000 0 eng d
005 20260511181018.6
035 |a cis2007420584 
040 |a UMI  |c UMI  |d UtOrBLW 
043 |a n-us--- 
086 0 |a Y 4.Ar 5/3:Sa 3 
099 |a HRG-1948-SAS-0016 
110 1 |a United States.  |b Congress.  |b Senate.  |b Committee on Armed Services. 
245 1 0 |a Navy Salvage Facilities :  |b hearings before the United States Senate Committee on Armed Services, Eightieth Congress, second session, on Feb. 20, Mar. 10, Apr. 21, 1948. 
264 1 |a Washington :  |b U.S. G.P.O.,  |c 1948. 
300 |a 1 online resource. 
336 |a text  |b txt  |2 rdacontent 
337 |a computer  |b c  |2 rdamedia 
338 |a online resource  |b cr  |2 rdacarrier 
500 |a Record is based on bibliographic data in ProQuest Congressional Hearings Digital Collection. Reuse except for individual research requires license from ProQuest, LLC. 
520 |a Considers (80) S. 1785, (80) H.R. 4490. 
538 |a System requirements: PDF reader software. 
500 |a Electronic resource. 
610 1 0 |a United States.  |b Navy  |x Procurement. 
650 0 |a Salvage. 
655 7 |a Electronic books.  |2 local 
710 2 |a ProQuest (Firm) 
776 0 8 |i Print version:  |a United States. Congress. Senate. Committee on Armed Services.  |t Navy Salvage Facilities 
776 0 8 |i Microfiche version:  |a United States. Congress. Senate. Committee on Armed Services.  |t Navy Salvage Facilities.  |d [Bethesda, Md.] : ProQuest,[2004]  |o CIS Hrgs MF Gp 3--(80) S883-4  |w (ProQuest)cis10503774 
830 0 |a U.S. Congressional Hearings. 
856 4 0 |u http://proxy.library.tamu.edu/login?url=https://congressional.proquest.com/congcomp/getdoc?HEARING-ID=HRG-1948-SAS-0016  |z Connect to the full text of this electronic book  |t 0 
998 |a cis10503774 
999 |a MARS 
999 f f |s b4e3d478-eed0-35e4-b289-5179def239ba  |i 55f9eada-1e1f-3e75-85fb-7ddea81b5c6f  |t 0 
952 f f |a Texas A&M University  |b College Station  |c Electronic Resources  |s www_evans  |d Available Online  |t 0  |e HRG-1948-SAS-0016  |h Other scheme 
998 f f |a HRG-1948-SAS-0016  |t 0  |l Available Online